00329pab a2200121 454500008004000000100002600040245005400066260000900120300001300129362001100142650002000153773003400173180718b2011 xxu||||| |||| 00| 0 eng d aBanerjee-Guha, Swapna aStatus of rural migrant workers in Chinese cities c2011 ap.33-37. a25 Jun aMigrant workers aEconomic and Political Weekly